Nuevo smart interactivo : (Record no. 27141)
[ view plain ]
| 000 -CABECERA | |
|---|---|
| campo de control de longitud fija | 00815nam a2200217 a 4500 |
| 001 - NÚMERO DE CONTROL | |
| campo de control | 000027649 |
| 005 - FECHA Y HORA DE LA ÚLTIMA TRANSACCIÓN | |
| campo de control | 20200930031005.0 |
| 008 - DATOS DE LONGITUD FIJA--INFORMACIÓN GENERAL | |
| campo de control de longitud fija | 110404s2011 sp 000 0 spa d |
| 020 ## - NÚMERO INTERNACIONAL ESTÁNDAR DEL LIBRO | |
| Número Internacional Estándar del Libro | 9784849438578 |
| 040 ## - FUENTE DE LA CATALOGACIÓN | |
| Centro catalogador/agencia de origen | DO-SdBNP |
| Lengua de catalogación | spa |
| Centro/agencia transcriptor | BNPHU |
| 082 ## - NÚMERO DE LA CLASIFICACIÓN DECIMAL DEWEY | |
| Número de clasificación | R 463.21 |
| Número de documento/Ítem | N964s |
| 245 00 - MENCIÓN DE TÍTULO | |
| Título | Nuevo smart interactivo : |
| Resto del título | Diccionario español-inglés, english- spanish / |
| Mención de responsabilidad, etc. | dirección Carlos de Gispert. |
| 246 30 - FORMA VARIANTE DE TÍTULO | |
| Título propio/Titulo breve | Smart interactivo diccionario español-inglés, english-spanish |
| 246 30 - FORMA VARIANTE DE TÍTULO | |
| Título propio/Titulo breve | Diccionario español-inglés, English-Spanish |
| 260 ## - PUBLICACIÓN, DISTRIBUCIÓN, ETC. | |
| Lugar de publicación, distribución, etc. | Barcelona, España : |
| Nombre del editor, distribuidor, etc. | Oceano, |
| Fecha de publicación, distribución, etc. | 2011. |
| 300 ## - DESCRIPCIÓN FÍSICA | |
| Extensión | xiii, 1090 p. ; |
| Dimensiones | 26 cm. |
| 650 #4 - PUNTO DE ACCESO ADICIONAL DE MATERIA--TÉRMINO DE MATERIA | |
| Término de materia o nombre geográfico como elemento de entrada | Español |
| Subdivisión general | Diccionarios |
| -- | Inglés |
| 9 (RLIN) | 1738 |
| 650 #4 - PUNTO DE ACCESO ADICIONAL DE MATERIA--TÉRMINO DE MATERIA | |
| Término de materia o nombre geográfico como elemento de entrada | Inglés |
| Subdivisión general | Diccionarios |
| -- | Español |
| 9 (RLIN) | 1739 |
| 700 12 - PUNTO DE ACCESO ADICIONAL--NOMBRE DE PERSONA | |
| Nombre de persona | Gispert, Carlos de |
| 9 (RLIN) | 33561 |
| 910 ## - DATOS DE OPCIÓN DEL USUARIO (OCLC) | |
| Datos de opción del usuario | Validado. Control de calidad MFF |
| Estado de retiro | Estado de pérdida | No para préstamo | Código de colección | Localización permanente | Ubicación/localización actual | Ubicación en estantería | Fecha de adquisición | Número de inventario | Total de préstamos | Signatura topográfica completa | Código de barras | Fecha visto por última vez | Precio válido a partir de | Tipo de ítem Koha |
|---|---|---|---|---|---|---|---|---|---|---|---|---|---|---|
| Excluido de préstamo | Referencia General | General | Biblioteca Nacional Pedro Henríquez Ureña | Depósito | 04.04.2011 | LF1 | R 463.21 N964s | 27649-10 | 25.06.2020 | 25.06.2020 | No se presta |
